|
|
|
|
| LEADER |
01061nam a22002417a 4500 |
| 001 |
AAL4401 |
| 003 |
BD-DhAAL |
| 005 |
20160312155833.0 |
| 008 |
160312s2004 bg ||||| |||| 00| 0 ben d |
| 020 |
|
|
|a 98482421828
|
| 040 |
|
|
|a BD-DhAAL
|c BD-DhAAL
|
| 082 |
|
|
|a 843.84
|
| 100 |
|
|
|a হুগো, ভিক্টর
|9 18429
|
| 245 |
|
|
|a বিশ্বসেরা ফরাসি উপন্যাস লা মিজারেবল /
|c ভিক্টর হুগো, রঞ্জন দাশগুপ্ত
|
| 260 |
|
|
|a ঢাকা :
|b জোনাকী প্রকাশনী,
|c ২০০৪
|
| 300 |
|
|
|a ৪৮০ পৃ. ;
|c ২৪ সে.মি.
|
| 541 |
|
|
|e 4401
|
| 650 |
|
|
|a ফরাসি উপন্যাস
|9 18430
|
| 700 |
|
|
|a দাশগুপ্ত, রঞ্জন
|9 18431
|
| 852 |
|
|
|a Savar Campus Library
|c General Shelf
|
| 942 |
|
|
|2 ddc
|c BK
|
| 999 |
|
|
|c 37071
|d 37071
|
| 952 |
|
|
|0 0
|1 0
|2 ddc
|4 0
|6 843_840000000000000_HUG
|7 0
|9 58326
|a SCL
|b SCL
|c GEN
|d 2016-03-12
|g 200.00
|l 2
|m 3
|o 843.84 HUG
|p 3020004401
|r 2024-04-03
|s 2024-03-18
|t 1
|w 2016-03-12
|y BK
|